000 00574nam a2200217Ia 4500
003 OSt
005 20230607091710.0
008 210423s2005 xx 000 0 und d
020 _a8126121610
040 _cAL
041 _aeng
082 _a658 PRAM
100 _aPRAKASH (Ved)
_9120974
245 _aManagement concept and organisational behaviour
260 _aNew Delhi
_bAnmol Publications
_c2005
300 _a511
_bPB
365 _b250
_cINR
650 _aManagement
_9120975
906 _abehaviour ; concept ; Management ; organisational
942 _2ddc
_cBK
999 _c176099
_d176099